000
00310nam a2200133Ia 4500
008
240624s9999 xx 000 0 und d
041
_a
eng
082
_a
823 HOW
100
_a
HOWARD LINDA
245
_a
KILLING TIME
260
_c
2005
_a
New York
_b
Ballantine Books
300
_a
363 : p. : cm. ; 17
365
_c
999
_c
3824
_d
3824